Tìm hiểu Rượu Vang và Nho
Trình bày nguồn gốc xuất xứ, phương pháp sản xuất, cách phân loại và thưởng thức rượu vang
Zapisane w:
| Format: | Książka |
|---|---|
| Język: | Undetermined |
| Wydane: |
Hà Nội
Thông tin và Truyền thông
2014
|
| Hasła przedmiotowe: | |
| Etykiety: |
Dodaj etykietę
Nie ma etykietki, Dołącz pierwszą etykiete!
|
| Thư viện lưu trữ: | Trung tâm Học liệu Trường Đại học Cần Thơ |
|---|
| LEADER | 00740nam a2200205Ia 4500 | ||
|---|---|---|---|
| 001 | CTU_202906 | ||
| 008 | 210402s9999 xx 000 0 und d | ||
| 020 | |c 65000 | ||
| 082 | |a 663.22 | ||
| 082 | |b T31 | ||
| 245 | 0 | |a Tìm hiểu Rượu Vang và Nho | |
| 245 | 0 | |c Nguyễn Xuân Ra (biên soạn) | |
| 260 | |a Hà Nội | ||
| 260 | |b Thông tin và Truyền thông | ||
| 260 | |c 2014 | ||
| 520 | |a Trình bày nguồn gốc xuất xứ, phương pháp sản xuất, cách phân loại và thưởng thức rượu vang | ||
| 650 | |a Rượu và làm rượu,Wine and wine making | ||
| 904 | |i Nguyên | ||
| 910 | |a Khoa | ||
| 980 | |a Trung tâm Học liệu Trường Đại học Cần Thơ | ||